Psicología y Educación
Guardat en:
| Format: | Llibre |
|---|---|
| Idioma: | espanyol |
| Publicat: |
Madrid, España
Visor
1987
|
| Matèries: | |
| Etiquetes: |
Afegir etiqueta
Sense etiquetes, Sigues el primer a etiquetar aquest registre!
|
MARC
| LEADER | 00000nam a2200000 a 4500 | ||
|---|---|---|---|
| 001 | UCY7470 | ||
| 003 | CL-VaPUC | ||
| 005 | 20211019074321.0 | ||
| 008 | 950614e19870000sp 1 spa d | ||
| 999 | |c 382390 |d 382388 | ||
| 040 | |c Pontificia Universidad Católica de Valparaíso | ||
| 082 | 0 | 4 | |a 370.15 PSI 1987 |2 21 |
| 245 | 1 | 0 | |a Psicología y Educación |
| 246 | 1 | 0 | |a Realizaciones y tendencias actuales en la investigación y en la práctica |
| 260 | 0 | 3 | |a Madrid, España |b Visor |c 1987 |
| 300 | |a 501 páginas | ||
| 518 | |p Jornadas Internacionales de Psicología y Educación. 2 da., Madrid, 1986 | ||
| 546 | |a En Español | ||
| 583 | |a last modification |c 19950614 00:00:00 |k Rodrigo Vera | ||
| 650 | 0 | 0 | |a Aprendizaje |9 254827 |
| 650 | 0 | 0 | |a Aspectos psicológicos |9 258128 |
| 650 | 0 | 7 | |a SEMINARIOS |2 CL-VaPUC |9 312362 |
| 650 | 0 | 0 | |a Psicología educacional |9 307830 |
| 650 | 0 | 7 | |a PSICOLOGO ESCOLAR |2 CL-VaPUC |9 338667 |
| 942 | |c BK |2 ddc | ||
| 945 | |a rbrito |d 19950614 00:00:00 | ||
| 952 | |0 0 |1 0 |2 ddc |4 0 |6 370_150000000000000_PSI_1987 |7 0 |8 A |9 504059 |a BIBCUR |b BIBCUR |d 2020-01-23 |i 3090949 |o 370.15 PSI 1987 |p 3090949 |r 2025-04-22 |t 1 |w 2020-01-23 |y BK |k BIO | ||